[Event "Regionalliga SO 0809"]
[Site "Bayern"]
[Date "2009.01.11"]
[Round "5.1"]
[White "Klinger, Sebastian"]
[Black "Schaefer, Matthias"]
[Result "1/2-1/2"]
[WhiteElo "2174"]
[BlackElo "2274"]
[PlyCount "58"]
[EventDate "2008.10.05"]
[EventType "team-tourn"]
[EventRounds "9"]
[EventCountry "GER"]
[SourceTitle "EXT 2020"]
[Source "ChessBase"]
[SourceDate "2019.10.17"]
[SourceVersion "1"]
[SourceVersionDate "2019.10.17"]
[SourceQuality "1"]
[WhiteTeam "Freising"]
[BlackTeam "Starnberg"]
[WhiteTeamCountry "GER"]
[BlackTeamCountry "GER"]

1. Nf3 Nc6 2. g3 d5 3. Bg2 e5 4. d3 Nf6 5. 0-0 h6 6. e4 dxe4 7. dxe4 Qxd1 8. Rxd1 Bc5 9. Nbd2 Be6 10. c3 a5 11. Re1 Ng4 12. Re2 0-0 13. h3 Nf6 14. Nh4 Rfd8 15. Kh2 g5 16. Nf5 Kh7 17. Ne3 Bxe3 18. Rxe3 a4 19. Bf1 Na5 20. Kg2 c6 21. Re1 Re8 22. Bd3 b5 23. Nf1 Bc4 24. Bxc4 Nxc4 25. Kf3 Red8 26. Ne3 Rd3 27. Ke2 Rad8 28. f3 Nxe3 29. Bxe3 R3d7 1/2-1/2

[Event "Regionalliga SO 0708"]
[Site "Bayern"]
[Date "2007.11.04"]
[Round "2.1"]
[White "Schaefer, Matthias"]
[Black "Deues, Erik"]
[Result "1-0"]
[WhiteElo "2251"]
[BlackElo "2021"]
[PlyCount "47"]
[EventDate "2007.10.21"]
[EventType "team-tourn"]
[EventRounds "9"]
[EventCountry "GER"]
[SourceTitle "EXT 2009"]
[Source "ChessBase"]
[SourceDate "2008.11.26"]
[SourceVersion "1"]
[SourceVersionDate "2008.11.26"]
[SourceQuality "1"]
[WhiteTeam "Starnberg"]
[BlackTeam "Germering"]
[WhiteTeamCountry "GER"]
[BlackTeamCountry "GER"]

1. e4 c5 2. Nc3 Nc6 3. g3 g6 4. Bg2 Bg7 5. d3 d6 6. Be3 Nf6 7. h3 Bd7 8. f4 Qa5 9. Nge2 Rc8 10. 0-0 b5 11. a3 Qb6 12. b4 Nd4 13. e5 Ng8 14. bxc5 dxc5 15. Ne4 f6 16. Nxc5 Qxc5 17. Nxd4 Qc3 18. e6 Bc6 19. Bxc6+ Rxc6 20. Nxc6 Qxc6 21. Bxa7 f5 22. Rb1 Nf6 23. Qf3 Qxe6 24. Rfe1 1-0

[Event "Landesliga Sued 0607"]
[Site "Bayern"]
[Date "2007.03.18"]
[Round "7.2"]
[White "Webersberger, Johann"]
[Black "Schaefer, Matthias"]
[Result "0-1"]
[WhiteElo "2173"]
[BlackElo "2226"]
[PlyCount "34"]
[EventDate "2006.10.15"]
[EventType "team-tourn"]
[EventRounds "9"]
[EventCountry "GER"]
[SourceTitle "EXT 2008"]
[Source "ChessBase"]
[SourceDate "2007.11.25"]
[SourceVersion "1"]
[SourceVersionDate "2007.11.25"]
[SourceQuality "1"]
[WhiteTeam "Pfarrkirchen SC"]
[BlackTeam "Starnberg"]
[WhiteTeamCountry "GER"]
[BlackTeamCountry "GER"]

1. a3 e5 2. c4 d6 3. Nc3 f5 4. Nf3 Nf6 5. d4 e4 6. Ng5 c6 7. b4 Be7 8. e3 0-0 9. Be2 Na6 10. 0-0 Nc7 11. f3 Qe8 12. Qc2 Qg6 13. Nh3 Qh6 14. Bd2 Bd7 15. fxe4 fxe4 16. Nxe4 Bxh3 17. gxh3 Qg6+ 0-1

[Event "Landesliga Sued 0607"]
[Site "Bayern"]
[Date "2006.11.19"]
[Round "3.1"]
[White "Schaefer, Matthias"]
[Black "Wolfsteiner, Helmut"]
[Result "1-0"]
[WhiteElo "2222"]
[BlackElo "2282"]
[PlyCount "85"]
[EventDate "2006.10.15"]
[EventType "team-tourn"]
[EventRounds "9"]
[EventCountry "GER"]
[SourceTitle "EXT 2008"]
[Source "ChessBase"]
[SourceDate "2007.11.25"]
[SourceVersion "1"]
[SourceVersionDate "2007.11.25"]
[SourceQuality "1"]
[WhiteTeam "Starnberg"]
[BlackTeam "Kriegshaber"]
[WhiteTeamCountry "GER"]
[BlackTeamCountry "GER"]

1. e4 c5 2. Nf3 d6 3. d4 cxd4 4. Nxd4 Nf6 5. Nc3 a6 6. Bc4 e6 7. Bb3 Nc6 8. Be3 Be7 9. f4 0-0 10. 0-0 Qc7 11. Kh1 Bd7 12. f5 Nxd4 13. Bxd4 e5 14. Be3 Bc6 15. Bg5 a5 16. Bxf6 Bxf6 17. Qh5 a4 18. Bd5 Qb6 19. Rf3 Qxb2 20. Raf1 Qxc2 21. Rh3 h6 22. Rg3 Kh8 23. h4 Rad8 24. Kh2 Rd7 25. Rff3 Qd2 26. Rg4 Rc7 27. Rgg3 Qc1 28. Ne2 Qd2 29. Rd3 Qe1 30. Rde3 Qd2 31. Rd3 Qe1 32. Rde3 Bxd5 33. Nc3 Qxg3+ 34. Rxg3 Bc6 35. Qg4 Rfc8 36. Re3 Rd8 37. Kh3 Kg8 38. Qd1 Be7 39. g4 Bf8 40. g5 b5 41. gxh6 gxh6 42. Rg3+ Kh7 43. Qg4 1-0

[Event "Regionalliga SO 0506"]
[Site "Bayern"]
[Date "2006.04.02"]
[Round "9.1"]
[White "Schaefer, Matthias"]
[Black "Klinger, Sebastian"]
[Result "1-0"]
[WhiteElo "2216"]
[BlackElo "2196"]
[PlyCount "67"]
[EventDate "2005.10.23"]
[EventType "team-tourn"]
[EventRounds "9"]
[EventCountry "GER"]
[SourceTitle "EXT 2007"]
[Source "ChessBase"]
[SourceDate "2006.11.23"]
[SourceVersion "1"]
[SourceVersionDate "2006.11.23"]
[SourceQuality "1"]
[WhiteTeam "Starnberg SC"]
[BlackTeam "Freising SK"]
[WhiteTeamCountry "GER"]
[BlackTeamCountry "GER"]

1. e4 e6 2. d4 d5 3. e5 c5 4. c3 Qb6 5. Nf3 Nc6 6. Be2 Nh6 7. Bxh6 gxh6 8. Qd2 Bd7 9. 0-0 Bg7 10. Na3 0-0 11. Nc2 Rac8 12. Ne3 cxd4 13. Ng4 dxc3 14. bxc3 Kh8 15. Rab1 Qc7 16. Bd3 Na5 17. Nf6 Ba4 18. Rb4 Qxc3 19. Rxa4 Qxd2 20. Nxd2 b6 21. Nxh7 Rc3 22. Bb1 Rfc8 23. Nf6 Nc6 24. Nf3 a5 25. Rh4 Nxe5 26. Nxe5 Bxf6 27. Rxh6+ Kg7 28. Rh7+ Kg8 29. Nxf7 Bg7 30. Ng5 R8c6 31. Rh3 Rc1 32. Bh7+ Kf8 33. Nxe6+ Kf7 34. Nd8+ 1-0

[Event "Regionalliga SO 0405"]
[Site "Bayern"]
[Date "2004.11.14"]
[Round "2.1"]
[White "Michalek, Jan"]
[Black "Schaefer, Matthias"]
[Result "1-0"]
[WhiteElo "2310"]
[BlackElo "2186"]
[PlyCount "97"]
[EventDate "2004.10.24"]
[EventType "team-tourn"]
[EventRounds "9"]
[EventCountry "GER"]
[SourceTitle "EXT 2007"]
[Source "ChessBase"]
[SourceDate "2006.11.23"]
[SourceVersion "1"]
[SourceVersionDate "2006.11.23"]
[SourceQuality "1"]
[WhiteTeam "Bayerwald"]
[BlackTeam "Starnberg"]
[WhiteTeamCountry "GER"]
[BlackTeamCountry "GER"]

1. e4 c5 2. Nf3 d6 3. d4 cxd4 4. Nxd4 Nf6 5. Nc3 g6 6. Bc4 Bg7 7. 0-0 0-0 8. Re1 Nc6 9. Nxc6 bxc6 10. Bg5 Qa5 11. Qd2 Qc5 12. Bb3 Re8 13. Rad1 Ng4 14. h3 Ne5 15. Be3 Qb4 16. a3 Qa5 17. f4 Nd7 18. Qf2 Qh5 19. Rd2 Rf8 20. Bc4 Qa5 21. Bb3 Rb8 22. e5 Nc5 23. Bxc5 dxc5 24. Re4 Bf5 25. Rc4 Rbd8 26. Rxd8 Rxd8 27. Qxc5 Qxc5+ 28. Rxc5 Rd4 29. Ne2 Rd1+ 30. Kf2 Rb1 31. Rxc6 Rxb2 32. Nd4 Be4 33. Rc7 Bf8 34. e6 f5 35. Nf3 Rb1 36. Nd2 Rd1 37. Nxe4 fxe4 38. Rxa7 Rd2+ 39. Ke3 Rxg2 40. Ra8 Rg3+ 41. Kxe4 Rxh3 42. a4 Rc3 43. a5 h5 44. a6 Rc5 45. Bd5 Ra5 46. a7 Kg7 47. c4 h4 48. Kf3 Ra3+ 49. Kg4 1-0

[Event "Regionalliga SO 0304"]
[Site "Bayern"]
[Date "2004.03.28"]
[Round "8.2"]
[White "Schaefer, Matthias"]
[Black "Haas, Josef"]
[Result "1/2-1/2"]
[WhiteElo "2176"]
[BlackElo "2056"]
[PlyCount "92"]
[EventDate "2003.10.??"]
[EventType "team"]
[EventRounds "9"]
[EventCountry "GER"]
[SourceTitle "EXT 2006"]
[Source "ChessBase"]
[SourceDate "2005.11.24"]
[SourceVersion "1"]
[SourceVersionDate "2005.11.24"]
[SourceQuality "1"]
[WhiteTeam "Starnberg"]
[BlackTeam "Vogtareuth"]
[WhiteTeamCountry "GER"]
[BlackTeamCountry "GER"]

1. e4 c6 2. Nc3 d5 3. Qf3 dxe4 4. Nxe4 Nd7 5. d4 Ngf6 6. Bd3 Nxe4 7. Qxe4 Nf6 8. Qh4 Bf5 9. Bxf5 Qa5+ 10. c3 Qxf5 11. Ne2 Qe4 12. Qg3 0-0-0 13. f3 Qf5 14. Bd2 e6 15. 0-0-0 Qb5 16. Rhe1 Rg8 17. Kb1 Bd6 18. Qf2 Nd5 19. Ka1 Nb6 20. Bc1 a5 21. Ng3 Bxg3 22. hxg3 a4 23. g4 h6 24. f4 Rd5 25. f5 exf5 26. Re7 Rd7 27. Rde1 Rgd8 28. Qxf5 Qxf5 29. gxf5 Nd5 30. R7e5 f6 31. R5e4 a3 32. Kb1 axb2 33. Kxb2 Nb6 34. g4 Kb8 35. Kb3 Ka7 36. Ba3 Ka6 37. Bc5 Rh8 38. Re7 h5 39. gxh5 Rxh5 40. Bxb6 Rxe7 41. Rxe7 Kxb6 42. Rxg7 Rxf5 43. Rf7 Rf1 44. Kc4 f5 45. Kd3 Rf3+ 46. Kd2 Rf2+ 1/2-1/2

[Event "Regionalliga SO 0304"]
[Site "Bayern"]
[Date "2003.12.14"]
[Round "4.2"]
[White "Schaefer, Matthias"]
[Black "Loder, Wilhelm"]
[Result "1-0"]
[WhiteElo "2176"]
[BlackElo "2102"]
[PlyCount "81"]
[EventDate "2003.10.??"]
[EventType "team"]
[EventRounds "9"]
[EventCountry "GER"]
[SourceTitle "EXT 2006"]
[Source "ChessBase"]
[SourceDate "2005.11.24"]
[SourceVersion "1"]
[SourceVersionDate "2005.11.24"]
[SourceQuality "1"]
[WhiteTeam "Starnberg"]
[BlackTeam "Ilmmuenster"]
[WhiteTeamCountry "GER"]
[BlackTeamCountry "GER"]

1. e4 c5 2. Nc3 Nc6 3. g3 g6 4. Bg2 Bg7 5. d3 d6 6. Be3 Rb8 7. Qd2 Qa5 8. f4 e6 9. Nf3 Nd4 10. 0-0 Ne7 11. Qf2 Nec6 12. e5 dxe5 13. Nxe5 Nxe5 14. fxe5 0-0 15. Ne4 Bxe5 16. c3 Nf5 17. Bxc5 Re8 18. g4 b6 19. Bb4 Qb5 20. gxf5 exf5 21. d4 Be6 22. Nd6 Bxd6 23. Bxd6 Rbd8 24. Be5 Bd5 25. Rfe1 Bxg2 26. Qxg2 Re6 27. Bg3 Rde8 28. Rxe6 Rxe6 29. Re1 Qe8 30. Rxe6 Qxe6 31. d5 Qe3+ 32. Qf2 Qc1+ 33. Kg2 Qd1 34. d6 Qd5+ 35. Kg1 g5 36. Qd4 Qxd4+ 37. cxd4 Kf8 38. Be5 Ke8 39. Bf6 g4 40. Be5 Kd7 41. Kf2 1-0

[Event "Regionalliga SO 0304"]
[Site "Bayern"]
[Date "2003.11.02"]
[Round "2.2"]
[White "Schaefer, Matthias"]
[Black "Spacek, Petr"]
[Result "1/2-1/2"]
[WhiteElo "2176"]
[BlackElo "2416"]
[PlyCount "31"]
[EventDate "2003.10.??"]
[EventType "team"]
[EventRounds "9"]
[EventCountry "GER"]
[SourceTitle "EXT 2006"]
[Source "ChessBase"]
[SourceDate "2005.11.24"]
[SourceVersion "1"]
[SourceVersionDate "2005.11.24"]
[SourceQuality "1"]
[WhiteTeam "Starnberg"]
[BlackTeam "Bayerwald"]
[WhiteTeamCountry "GER"]
[BlackTeamCountry "GER"]

1. e4 d5 2. exd5 Qxd5 3. Nc3 Qd6 4. d4 Nf6 5. Nf3 a6 6. g3 b5 7. Bg2 Bb7 8. 0-0 e6 9. Ne5 Bxg2 10. Kxg2 b4 11. Qf3 c6 12. Ne4 Qd5 13. Re1 Be7 14. c4 bxc3 15. bxc3 0-0 16. Rb1 1/2-1/2

[Event "Regionalliga SO 0102"]
[Site "Bayern"]
[Date "2002.03.17"]
[Round "7.4"]
[White "Schaefer, Matthias"]
[Black "Huwa, Walter"]
[Result "1/2-1/2"]
[WhiteElo "2150"]
[BlackElo "2155"]
[PlyCount "53"]
[EventDate "2001.10.07"]
[EventType "team"]
[EventRounds "9"]
[EventCountry "GER"]
[SourceTitle "EXT 2003"]
[Source "ChessBase"]
[SourceDate "2002.11.25"]
[SourceVersion "1"]
[SourceVersionDate "2002.11.25"]
[SourceQuality "1"]
[WhiteTeam "Starnberg"]
[BlackTeam "Straubing"]
[WhiteTeamCountry "GER"]
[BlackTeamCountry "GER"]

1. e4 c5 2. Nf3 d6 3. Bb5+ Nd7 4. d4 cxd4 5. Qxd4 a6 6. Bxd7+ Bxd7 7. Nc3 Nf6 8. Bg5 e6 9. 0-0-0 e5 10. Qe3 Be7 11. Bxf6 gxf6 12. Nd5 Be6 13. Kb1 f5 14. exf5 Bxd5 15. Rxd5 Qc7 16. Rd3 Rc8 17. Rc3 Qd7 18. Rxc8+ Qxc8 19. Qe4 Qc6 20. Nd2 Rg8 21. Rg1 Bg5 22. Qg4 h5 23. Qg3 Kf8 24. Nf3 Bf6 25. Qh3 e4 26. Nd2 Qb6 27. Qa3 1/2-1/2

[Event "Landesliga Sued 9900"]
[Site "Bayern"]
[Date "2000.02.20"]
[Round "6.6"]
[White "Schaefer, Matthias"]
[Black "Wagner, Hans2222"]
[Result "1/2-1/2"]
[WhiteElo "1970"]
[BlackElo "2376"]
[PlyCount "81"]
[EventDate "1999.10.10"]
[EventType "team-tourn"]
[EventRounds "9"]
[EventCountry "GER"]
[SourceTitle "EXT 2020"]
[Source "ChessBase"]
[SourceDate "2019.10.17"]
[SourceVersion "1"]
[SourceVersionDate "2019.10.17"]
[SourceQuality "1"]
[WhiteTeam "Starnberg SC"]
[BlackTeam "Pfarrkirchen SC"]
[WhiteTeamCountry "GER"]
[BlackTeamCountry "GER"]

1. Nf3 c5 2. e4 d6 3. d3 Nc6 4. g3 g6 5. Bg2 Bg7 6. 0-0 e6 7. Nbd2 Nge7 8. Nh4 0-0 9. f4 f5 10. Kh1 Rb8 11. Ndf3 b5 12. exf5 exf5 13. Re1 h6 14. Rb1 Rf6 15. d4 c4 16. d5 Nb4 17. Nd4 Kh7 18. a3 Nbxd5 19. Bxd5 Nxd5 20. Nc6 Qc7 21. Nxb8 Bb7 22. Ng2 Qxb8 23. h3 Qc8 24. c3 Re6 25. Bd2 Nf6 26. Rxe6 Qxe6 27. Qe1 Qd5 28. Qe2 Ne4 29. Be1 Qe6 30. Kh2 d5 31. Bf2 a5 32. Rd1 Qd6 33. Bd4 Bf8 34. Ne3 b4 35. axb4 axb4 36. Be5 Qe6 37. Ra1 bxc3 38. bxc3 Bg7 39. Qb2 Qc6 40. Ra7 Nc5 41. Qg2 1/2-1/2

[Event "Landesliga Sued 9900"]
[Site "Bayern"]
[Date "1999.11.07"]
[Round "2.6"]
[White "Bintakies, Michael"]
[Black "Schaefer, Matthias"]
[Result "1/2-1/2"]
[WhiteElo "2165"]
[BlackElo "1970"]
[PlyCount "62"]
[EventDate "1999.10.10"]
[EventType "team-tourn"]
[EventRounds "9"]
[EventCountry "GER"]
[SourceTitle "EXT 2020"]
[Source "ChessBase"]
[SourceDate "2019.10.17"]
[SourceVersion "1"]
[SourceVersionDate "2019.10.17"]
[SourceQuality "1"]
[WhiteTeam "Haunstetten TSV"]
[BlackTeam "Starnberg SC"]
[WhiteTeamCountry "GER"]
[BlackTeamCountry "GER"]

1. d4 d6 2. Nf3 Bg4 3. g3 Bxf3 4. exf3 c6 5. Bg2 e6 6. 0-0 g6 7. Re1 d5 8. Be3 Bg7 9. c3 Ne7 10. Bg5 0-0 11. Nd2 Qd7 12. Bxe7 Qxe7 13. f4 Nd7 14. h4 Nf6 15. Nf3 c5 16. dxc5 Qxc5 17. Ne5 Rad8 18. Qe2 Qb6 19. a4 a5 20. Red1 Nd7 21. Qb5 Qxb5 22. axb5 Nxe5 23. fxe5 b6 24. f4 Rc8 25. Ra4 Rc5 26. Bf1 Rfc8 27. Re1 Bf8 28. g4 Be7 29. g5 Kg7 30. Bd3 h5 31. Kg2 R5c7 1/2-1/2